Manual ACSM para la valoración y prescripción del ejercicio /

Quinta versión de este manual del American College of Sports Medicine (ACSM), organización de medicina deportiva fundada en 1954 y con miembros en más de setenta naciones, para la valoración y prescripción del ejercicio médico, organizado en las siguientes secciones: Sección I: Evaluación de la salu...

Full beskrivning

Sparad:
Bibliografiska uppgifter
Institutionellt upphov: ACSM
Övriga upphov: Kenney, W. Larry (dirección) (dirección)
Materialtyp: Bok
Språk:spanska
Utgiven: Barcelona, España : Paidotribo, 2005, c2005
Upplaga:2a edición
Serie:(Medicina Deportiva)
Ämnen:
Taggar: Lägg till en tagg
Inga taggar, Lägg till första taggen!

MARC

LEADER 00000nam^a2200000^a^4500
001 000192110
005 20250521000000.0
009 20260310102550.872
020 |a 84-8019-427-8 
037 |a Acervo ITESO - Biblioteca 
041 |a ESP 
082 |a 615. 82  |b AME 
110 |a ACSM 
245 1 0 |a Manual ACSM para la valoración y prescripción del ejercicio /  |c American College of Sports Medicine ; dir. y pról. de W.L. Kenney ; tr. por Pedro González del Campo Román. 
250 |a 2a edición 
264 4 |a Barcelona, España :  |b Paidotribo,  |c 2005, c2005 
300 |a 412 p. 
336 |a texto  |b txt  |2 rdacontenido 
337 |a sin mediación  |b n  |2 rdamedio 
338 |a volumen  |b nc  |2 rdasoporte 
440 1 |a (Medicina Deportiva) 
500 |a Traducción de: ACM's Guidelines for Exercise Testing and Prescription 
520 |a Quinta versión de este manual del American College of Sports Medicine (ACSM), organización de medicina deportiva fundada en 1954 y con miembros en más de setenta naciones, para la valoración y prescripción del ejercicio médico, organizado en las siguientes secciones: Sección I: Evaluación de la salud, valoración del riesgo y seguridad en el ejercicio: 1) Beneficios y riesgos asociados al ejercicio y 2) Evaluación de la salud y estratificación del riesgo. Sección II: Valoración del ejercicio: 3) Evaluación previa; 4) Control del nivel del fitness; 5) Prueba de esfuerzo clínica y 6) Interpretación de los datos de la prueba. Sección III: Prescripción del ejercicio: 7) Principios generales de la prescripción del ejercicio; 8) Prescripción del ejercicio para pacientes con cardiopatías; 9) Prescripción del ejercicio para pacientes con afecciones pulmonares; 10) Otras consideraciones clínicas que influyen en la prescripción del ejercicio y 11) Valoración y prescripción del ejercicio para niños, ancianos y en el embarazo. Apéndices: a) Medicaciones corrientes; b) Tratamiento de urgencia; c) Interpretación del electrocardiograma e información diagnóstica relacionada; d) Cálculos metabólicos; e) Consideraciones ambientales y f) Títulos del ACSM. 
590 |a Traducción de la 5a edición en inglés 
649 |a XX 
650 |a Niños 
650 |a Ancianos 
650 |a Madres 
650 |a Mujeres 
650 |a Enfermos 
650 |a Ejercicio Físico -  |x Tema Principal 
650 |a Aptitud Física -  |x Evaluación 
650 |a Salud -  |x Evaluación 
650 |a Pulmones -  |x Enfermedades 
650 |a Corazón -  |x Enfermedades 
650 |a Fisioterapia 
650 |a Terapéutica Fisiológica 
650 |a Enfermedades -  |x Tratamiento 
650 |a Medicina Deportiva 
650 |a Ciencias Médicas 
700 |a Kenney, W. Larry  |e (dirección) 
910 |a Fondo General 
920 |a Impresos - Libros 
930 |a Colección General 
905 |a 101 
901 |a 0500135913  |b IT1  |c ACC  |u 20250521 
902 |a https://opac.biblio.iteso.mx/vufind/Record/000192110